| 000 | 00413nam a2200121Ia 4500 | ||
|---|---|---|---|
| 008 | 220620s9999||||xx |||||||||||||| ||und|| | ||
| 245 | 0 |
_aNeural Tube Defects _bRole of Folate, Prevention Strategies and Genetics |
|
| 546 | _aEnglish[eng] | ||
| 650 | _aClinical psychology | ||
| 700 | _aLaksmi Narasimhan, Kannan | ||
| 856 | _uhttps://mts.intechopen.com/storage/books/979/authors_book/authors_book.pdf | ||
| 942 | _cEB | ||
| 999 |
_c34540 _d34540 |
||